000 00609cam a22002053a 4500
001 40165
003 PGUSA
005 20140828083909.0
008 120708s2012||||xxu|||||s|||||000 | eng d
040 _aPGUSA
_beng
042 _adc
100 1 _aWerfel, Franz
245 1 0 _aDie Versuchung :
_bEin Gespräch des Dichters mit dem Erzengel und Luzifer
_h[electronic resource] /
_cFranz Werfel
260 _bProject Gutenberg,
_c2012
506 _aPublic domain in the USA.
516 _aElectronic text
830 0 _aProject Gutenberg
_v40165
856 4 0 _uhttp://www.gutenberg.org/ebooks/40165
942 _cEB
999 _c269418
_d269418